000 00294nam a2200133Ia 4500
008 190216s9999||||xx |||||||||||||| ||und||
100 _aGupta Shrma
245 0 _aLinear Algebra
250 _a1st Ed.
260 _bS Chand & Co
_c1982
300 _a424p
650 _aMathematics
942 _cBK
999 _c30991
_d30991